| 000 | 00840caa a22002417a 4500 | ||
|---|---|---|---|
| 999 |
_c413498 _d413498 |
||
| 001 | 136985 | ||
| 003 | UA-OsUOA | ||
| 005 | 20200213105624.0 | ||
| 007 | ta | ||
| 008 | 20190417b un ||||| |||| 00| 0 ukr d | ||
| 040 |
_aUA-OsUOA _bukr _cUA-OsUOA _dUA-OsUOA |
||
| 041 | _aukr | ||
| 080 | _a908 | ||
| 090 |
_a908 _bП47 |
||
| 100 | _aПозіховська С. В. | ||
| 245 |
_aМузей книги та друкарства _cС. В. Позіховська |
||
| 300 | _aС. 120–122 | ||
| 650 | 7 |
_a908 Краєзнавство _2UDC |
|
| 773 | 0 |
_0367698 _9390814 _dК. "УЕ" ім. М.П.Бажана 1990 _o136724 _tУкраїнська літературна енциклопедія _w(UA-OsUOA) 81385 _z5-88500-003-4 |
|
| 942 |
_cBKA _2udc |
||
| 955 | _a1 | ||